00569nam a2200145 4500001000500000005001700005020000500022245014000027250000500167260004900172300001500221500011800236500003500354650003400389231420181127164926.000a00aReport writing on banking in Bhutan / bcChandra Mongar, Dechen Yangchen, Dechen Wangmo, Dechen Zam, Jamyang Tshering, Jigme Choden.h00a00a[Thimphu] :b[Royal Thimphu College],c2011.00a13 leaves. aStudent research project for BCOM 504: Financial market in Bhutan (Fall 2011); Bodhisattwa Choudhury, lecturer. 00aSpiral-bound xerographic copy.00aBanks and banking --Bhutan.x